000 00427nam a2200145Ia 4500
008 100204s9999 xx 000 0 und d
082 _b16909
100 _aमुजावर बशीर सा.
245 _aअव्देत
260 _b"साहेबजी प्रकाशन , पुणे"
_c1993
300 _a195
630 _aअव्देत
730 _aअव्देत
942 _cBOOK
999 _c461332
_d461329